000 00857nam a2200253 i 4500
001 bg
245 0 0 _aKompendium wiedzy o agrobiznesie /
_cpod red. Eugeniusza Gurgula ; [aut. Katarzyna Brendzel et al.].
260 _aCzęstochowa :
_bWydaw. Wydziału Zarządzania Politechniki Częstochowskiej,
_c2004.
300 _a90, [1] s. :
_btab., wykr. ;
_c25 cm.
504 _aBibliogr. s. [91].
650 9 _aAgrobiznes
650 9 _aAgrobiznes
_zPolska
_yod 1989 r.
651 9 _aCzęstochowa (woj. śląskie ; okręg)
_xrolnictwo
_yod 1989 r.
655 _aPodręczniki akademickie
700 1 _aGURGUL, Eugeniusz.
_eRed.
700 1 _aBRENDZEL, Katarzyna
020 _a8388469428
040 _cBPK
041 0 _apol
080 _a338.43(438)"1989/..."(075.8)
920 _a83-88469-42-8
942 _cKS
008 s pl f |000 0 pol
999 _c45236
_d45236
856 _uhttp://koha.tu.koszalin.pl/cgi-bin/koha/opac-detail.pl?biblionumber=45236
_yKatalog online BPK